| 000 | 00768nam a2200253 a 4500 | ||
|---|---|---|---|
| 008 | |||
| 020 | _a0521364310 (hbk.) | ||
| 049 | _aMAIN | ||
| 090 | _aQB857.5.E96 | ||
| 100 | 1 |
_aTayler, R. J. _q(Roger John) |
|
| 245 | 1 | 0 |
_aGalaxies, structure and evolution / _cRoger J. Tayler. |
| 250 | _aRev. ed. | ||
| 260 |
_aCambridge [England] : _bCambridge University Press, _c1993. |
||
| 300 |
_axiii, 208 p. : _bill. ; _c26 cm. |
||
| 504 | _aIncludes bibliographical references : p. 204-205. | ||
| 500 | _aIncludes index. | ||
| 650 | 0 | _aGalaxies. | |
| 650 | 0 |
_aGalaxies _xEvolution. |
|
| 907 |
_a.b10039211 _b03-01-07 _c17-04-03 |
||
| 003 | |||
| 005 | 20230123133205.0 | ||
| 040 | _cNUST | ||
| 942 |
_cBOOKS _kQB857.5.E96 |
||
| 999 |
_c144291 _d144291 |
||